2001 population census thematic report - women and men

Salvato in:
Dettagli Bibliografici
Natura: Libro
Lingua:inglese
cinese
Pubblicazione: Hongkong Census and Statistics Department 2002
Soggetti:
Tags: Aggiungi Tag
Nessun Tag, puoi essere il primo ad aggiungerne!!

MARC

LEADER 00000nam a2200000 4500
001 c142190
005 20221124093434.6
041 0 |a eng 
041 0 |a chi 
044 |a HK 
245 1 0 |a 2001 population census  |b thematic report - women and men 
264 1 |a Hongkong  |b Census and Statistics Department  |c 2002 
300 |a 95 s. 
610 2 0 |a demografia 
610 2 0 |a sčítanie ľudu 
610 2 0 |a populácia 
610 2 0 |a ženy 
610 2 0 |a muži 
610 2 0 |a údaje štatistické 
610 2 0 |a tabuľky štatistické 
610 2 0 |a Hongkong 
610 2 0 |a 2001